[Event "2BLN 2223 SK Doppelbauer Turm Kiel II - "]
[Site "?"]
[Date "2023.02.26"]
[Round "8.7"]
[White "Poltorak, Sebastian"]
[Black "Boe, Mads"]
[Result "1-0"]
[WhiteElo "2360"]
[BlackElo "2284"]
[PlyCount "49"]
[EventDate "2023.??.??"]

1. d4 f5 2. Bg5 g6 3. Nc3 d5 4. f3 Bg7 5. Qd2 c6 6. O-O-O Be6 7. e4 dxe4 8. fxe4 fxe4 9. Nxe4 Qd5 10. Nc3 Qa5 11. Re1 Bf7 12. Nf3 Nd7 13. a3 h6 14. Bf4 O-O-O 15. Kb1 e5 16. Bg3 Ne7 17. Bd3 Nf5 18. Bxf5 gxf5 19. dxe5 Be6 20. Nd4 Nb6 21. Qf4 Rxd4 22. Qxd4 Nc4 23. Rd1 Bf8 24. Ne2 Nxb2 25. Be1 1-0

[Event "2BLN 2223 SK Doppelbauer Turm Kiel II - "]
[Site "?"]
[Date "2023.02.26"]
[Round "8.8"]
[White "Beeck, Mats"]
[Black "Ahlander, Bjorn"]
[Result "1/2-1/2"]
[WhiteElo "2181"]
[BlackElo "2412"]
[PlyCount "62"]
[EventDate "2023.??.??"]

1. c4 e6 2. g3 Nf6 3. Bg2 d5 4. d4 dxc4 5. Nf3 Nc6 6. Qa4 Bb4+ 7. Bd2 Nd5 8. Qc2 b5 9. O-O O-O 10. e4 Nb6 11. Be3 Be7 12. Rd1 Bb7 13. Nc3 Nb4 14. Qe2 Qe8 15. Ne1 a5 16. Qh5 c6 17. d5 Nc8 18. dxe6 fxe6 19. Qg4 Bf6 20. Bh3 Nd3 21. Nxd3 cxd3 22. Rxd3 Kh8 23. Qxe6 b4 24. Na4 Ba6 25. Rd2 Bb5 26. Nc5 Nb6 27. Rc1 Qh5 28. Bg4 Qg6 29. Bf5 Qh5 30. Bg4 Qg6 31. Bf5 Qh5 1/2-1/2

[Event "2BLN 2223 SV Werder Bremen II - SK Zehle"]
[Site "?"]
[Date "2023.02.26"]
[Round "8.2"]
[White "Markgraf, Alexander"]
[Black "Lagunow, Raphael"]
[Result "1-0"]
[WhiteElo "2469"]
[BlackElo "2401"]
[PlyCount "87"]
[EventDate "2023.??.??"]

1. e4 c5 2. Nf3 Nc6 3. d4 cxd4 4. Nxd4 Nf6 5. Nc3 e5 6. Ndb5 d6 7. Bg5 a6 8. Na3 b5 9. Bxf6 gxf6 10. Nd5 Bg7 11. c3 f5 12. Bd3 Be6 13. Nxb5 axb5 14. Bxb5 Rc8 15. Qa4 Bd7 16. exf5 Kf8 17. O-O Nb8 18. Bxd7 Nxd7 19. Rfd1 h5 20. Qe4 Qg5 21. a4 Bf6 22. b4 Rg8 23. g3 Kg7 24. a5 Bd8 25. a6 Qg4 26. Qxg4+ hxg4 27. a7 Nb6 28. Nxb6 Bxb6 29. Rxd6 Bxa7 30. Rxa7 Rxc3 31. Rg6+ Kh8 32. Rxf7 Rxg6 33. fxg6 Rc6 34. Re7 Rb6 35. g7+ Kg8 36. Rxe5 Rxb4 37. Rg5 Ra4 38. Kg2 Rb4 39. Rf5 Rb6 40. Rg5 Rb4 41. Rg6 Ra4 42. h3 gxh3+ 43. Kxh3 Rb4 44. f4 1-0

[Event "2BLN 2223 SV Werder Bremen II - SK Zehle"]
[Site "?"]
[Date "2023.02.26"]
[Round "8.3"]
[White "Tazbir, Marcin"]
[Black "Carlstedt, Jonathan"]
[Result "1/2-1/2"]
[WhiteElo "2508"]
[BlackElo "2437"]
[PlyCount "47"]
[EventDate "2023.??.??"]

1. e4 e5 2. Nf3 Nc6 3. Bb5 a6 4. Ba4 Nf6 5. O-O Bc5 6. d3 d6 7. c3 b5 8. Bc2 h6 9. a4 Bg4 10. h3 Bh5 11. axb5 axb5 12. Rxa8 Qxa8 13. g4 Bg6 14. Nh4 Ne7 15. b4 Bb6 16. Na3 c6 17. c4 O-O 18. Qf3 d5 19. exd5 cxd5 20. Nxb5 Qc6 21. Nc3 e4 22. Qg2 Bh7 23. Ba4 Qa8 24. Bb3 1/2-1/2

[Event "2BLN 2223 SV Werder Bremen II - SK Zehle"]
[Site "?"]
[Date "2023.02.26"]
[Round "8.4"]
[White "Meins, Gerlef"]
[Black "Brodowski, Piotr"]
[Result "0-1"]
[WhiteElo "2424"]
[BlackElo "2455"]
[PlyCount "120"]
[EventDate "2023.??.??"]

1. d4 d6 2. Nf3 g6 3. e4 Bg7 4. h3 Nd7 5. Nc3 c6 6. Be3 b5 7. d5 b4 8. dxc6 bxc3 9. cxd7+ Bxd7 10. b3 Nf6 11. e5 Ne4 12. exd6 O-O 13. Be2 exd6 14. O-O Re8 15. Bc4 Bf5 16. Nd4 Nd2 17. Nxf5 Nxf1 18. Bxf7+ Kxf7 19. Nxd6+ Kf8 20. Bc5 Re7 21. Qxf1 Bd4 22. Bxd4 Qxd6 23. Bxc3 Rc8 24. Rd1 Qc5 25. Bb2 Rce8 26. Bd4 Qxc2 27. Rc1 Qxc1 28. Qxc1 Re1+ 29. Qxe1 Rxe1+ 30. Kh2 a6 31. a4 Kf7 32. b4 Rb1 33. Bc5 Ke6 34. a5 Kd5 35. g3 Kc4 36. g4 Rb3 37. Kg2 Kd3 38. Bd6 Ke4 39. Bc5 Rc3 40. Bb6 Rb3 41. Bc5 Kd3 42. Bd6 Ke2 43. Bc5 Rc3 44. Bd4 Rf3 45. Bc5 h5 46. Be3 h4 47. Bc5 Rf6 48. Kg1 Kf3 49. Be7 Rf4 50. Bxh4 Rxb4 51. Bd8 Rb1+ 52. Kh2 Kxf2 53. h4 Rb4 54. h5 Rxg4 55. hxg6 Rxg6 56. Kh3 Ke3 57. Kh4 Kd4 58. Bg5 Kc4 59. Kg4 Kb5 60. Kf5 Rxg5+ 0-1

[Event "2BLN 2223 SV Werder Bremen II - SK Zehle"]
[Site "?"]
[Date "2023.02.26"]
[Round "8.5"]
[White "Stachowiak, Kamil"]
[Black "Colbow, Collin"]
[Result "1/2-1/2"]
[WhiteElo "2456"]
[BlackElo "2395"]
[PlyCount "45"]
[EventDate "2023.??.??"]

1. d4 Nf6 2. Nf3 e6 3. c4 d5 4. Nc3 dxc4 5. e3 a6 6. Bxc4 b5 7. Be2 Bb7 8. O-O Nbd7 9. a3 c5 10. dxc5 Nxc5 11. b4 Qxd1 12. Rxd1 Nb3 13. Rb1 Nxc1 14. Rbxc1 Be7 15. Nd4 O-O 16. Bf3 Bxf3 17. gxf3 Rfc8 18. Ne4 Nd5 19. Nc6 Kf8 20. Na5 Ke8 21. Kf1 Rxc1 22. Rxc1 Kd7 23. Nc5+ 1/2-1/2

[Event "2BLN 2223 SV Werder Bremen II - SK Zehle"]
[Site "?"]
[Date "2023.02.26"]
[Round "8.6"]
[White "Joachim, Sven"]
[Black "Luch, Michal"]
[Result "1/2-1/2"]
[WhiteElo "2391"]
[BlackElo "2351"]
[PlyCount "30"]
[EventDate "2023.??.??"]

1. Nf3 d5 2. e3 Nf6 3. c4 dxc4 4. Bxc4 a6 5. O-O c5 6. b3 e6 7. Bb2 Nc6 8. Be2 Be7 9. d4 cxd4 10. Nxd4 Bd7 11. Nd2 Nxd4 12. Bxd4 Bc6 13. Nc4 O-O 14. Qc1 Nd7 15. Qb2 b5 1/2-1/2

[Event "2BLN 2223 SV Werder Bremen II - SK Zehle"]
[Site "?"]
[Date "2023.02.26"]
[Round "8.7"]
[White "Meister, Jakob"]
[Black "Kollen, Zyon"]
[Result "1-0"]
[WhiteElo "2445"]
[BlackElo "2361"]
[PlyCount "119"]
[EventDate "2023.??.??"]

1. c4 e6 2. Nf3 d5 3. b3 Nf6 4. Bb2 a5 5. e3 a4 6. bxa4 Nbd7 7. cxd5 exd5 8. Nc3 c6 9. Be2 Qa5 10. O-O Bd6 11. Qc2 O-O 12. Rfc1 Nb6 13. d3 Bg4 14. Nd4 Bxe2 15. Qxe2 Rfe8 16. Nb3 Qa6 17. a5 Nbd7 18. Na4 Qb5 19. Bxf6 Nxf6 20. Nac5 Bxc5 21. Nxc5 d4 22. a4 Qxa5 23. Nxb7 Qa7 24. Nd6 Re6 25. Ne4 Nd5 26. Nc5 Ree8 27. Qd2 dxe3 28. fxe3 Rxe3 29. d4 Rae8 30. Re1 f5 31. Rxe3 Rxe3 32. a5 Qe7 33. Rf1 Re2 34. Qd3 Qe3+ 35. Qxe3 Nxe3 36. Ra1 Rxg2+ 37. Kh1 Rb2 38. a6 Rb8 39. Nd7 Ra8 40. Nb6 Ra7 41. Nc8 Ra8 42. a7 Nd5 43. Rb1 Kf7 44. Rb8 Nc7 45. Rb7 Rxc8 46. Rxc7+ Rxc7 47. a8=Q Rd7 48. Kg2 Rd6 49. Kf3 h6 50. Qb8 Rf6 51. h4 Kg6 52. Qe8+ Kh7 53. Qe7 Kg6 54. Kf4 Kh7 55. h5 Kg8 56. Qe8+ Kh7 57. Qc8 Rd6 58. Qxf5+ Kg8 59. Ke4 Rf6 60. Qc8+ 1-0

[Event "2BLN 2223 SV Werder Bremen II - SK Zehle"]
[Site "?"]
[Date "2023.02.26"]
[Round "8.8"]
[White "Breutigam, Martin"]
[Black "Lagunow, Alexander"]
[Result "1/2-1/2"]
[WhiteElo "2355"]
[BlackElo "2346"]
[PlyCount "53"]
[EventDate "2023.??.??"]

1. d4 Nf6 2. Nf3 g6 3. Nbd2 c5 4. dxc5 Qa5 5. a3 Qxc5 6. b4 Qc7 7. Bb2 Bg7 8. e3 O-O 9. c4 d6 10. Be2 Nbd7 11. O-O Nb6 12. Rc1 Bd7 13. c5 dxc5 14. Be5 Qd8 15. bxc5 Ba4 16. Qe1 Nbd7 17. Bd4 Qa5 18. Nc4 Qxe1 19. Rfxe1 Rfc8 20. Na5 b6 21. cxb6 axb6 22. Nc4 Nd5 23. Bxg7 Kxg7 24. Nd4 Rc5 25. Nb2 Nc3 26. Bf3 Ra7 27. Nxa4 1/2-1/2

[Event "2BLN 2223 HSK Lister Turm - SK König Te"]
[Site "?"]
[Date "2023.02.26"]
[Round "8.2"]
[White "Pfreundt, Jakob"]
[Black "Richter, Michael"]
[Result "1/2-1/2"]
[WhiteElo "2413"]
[BlackElo "2472"]
[PlyCount "166"]
[EventDate "2023.??.??"]

1. e4 e6 2. d4 d5 3. Nc3 Nf6 4. Bg5 Be7 5. e5 Nfd7 6. h4 h6 7. Bxe7 Qxe7 8. f4 a6 9. Nf3 c5 10. dxc5 Nc6 11. a3 Nxc5 12. Bd3 Bd7 13. Qd2 Rc8 14. O-O O-O 15. Rae1 f5 16. exf6 Qxf6 17. g3 Be8 18. Ne5 Nxe5 19. Rxe5 Nxd3 20. cxd3 Qg6 21. Kh2 d4 22. Ne4 Bc6 23. Re1 Rf5 24. Nd6 Rxe5 25. Rxe5 Rd8 26. Ne4 Qg4 27. Nc5 Qf3 28. Re1 Re8 29. Qe2 Qd5 30. Ne4 Kh8 31. Rc1 Qb3 32. Nd6 Rf8 33. Nc4 Bd5 34. Ne5 Kh7 35. Rc7 Qa2 36. Rc1 Rf5 37. Kh3 h5 38. Qc2 a5 39. Qb1 Qb3 40. Qc2 Qb5 41. Qe2 b6 42. Qf2 Qa4 43. Nf3 Bxf3 44. Qxf3 Qd7 45. Qe4 Qd5 46. Rc4 Qxe4 47. dxe4 Rb5 48. Rxd4 Rxb2 49. Rd6 e5 50. fxe5 Re2 51. Rxb6 Rxe4 52. Rb5 a4 53. Kg2 Re3 54. Kf2 Rxa3 55. e6 Rc3 56. Rxh5+ Kg6 57. Ra5 a3 58. Ra7 Rc6 59. e7 Kf7 60. Kf3 a2 61. Kg4 Rc4+ 62. Kg5 Rc5+ 63. Kg4 Rc4+ 64. Kh3 Rc2 65. h5 Re2 66. Kh4 Rxe7 67. Rxa2 Kg8 68. g4 Kh7 69. Ra6 Re1 70. Ra8 Rb1 71. Re8 Ra1 72. Re7 Rb1 73. Re4 Ra1 74. Re7 Rb1 75. g5 Rh1+ 76. Kg4 Rg1+ 77. Kf5 Rf1+ 78. Ke6 Re1+ 79. Kf7 Rf1+ 80. Ke8 Rf5 81. h6 Rxg5 82. Rxg7+ Rxg7 83. hxg7 Kxg7 1/2-1/2

[Event "2BLN 2223 HSK Lister Turm - SK König Te"]
[Site "?"]
[Date "2023.02.26"]
[Round "8.3"]
[White "Bruedigam, Martin"]
[Black "Hoeffer, David"]
[Result "0-1"]
[WhiteElo "2384"]
[BlackElo "2314"]
[PlyCount "100"]
[EventDate "2023.??.??"]

1. e4 e5 2. Nf3 Nc6 3. Bc4 Nf6 4. d3 Bc5 5. O-O a6 6. a4 d6 7. c3 Ba7 8. Re1 O-O 9. h3 h6 10. Nbd2 Be6 11. Bxe6 fxe6 12. Nf1 Nh5 13. Be3 Nf4 14. Bxa7 Rxa7 15. N1h2 Qe8 16. h4 Ra8 17. g3 Nh5 18. b4 Ne7 19. Ra2 Kh8 20. Re3 Ng8 21. Ng4 Qg6 22. Nfh2 Ngf6 23. Nxf6 gxf6 24. d4 f5 25. exf5 exf5 26. dxe5 f4 27. Rd3 fxg3 28. fxg3 dxe5 29. Rg2 Rg8 30. Qe2 e4 31. Re3 Rae8 32. a5 Rg7 33. Nf1 Nf6 34. Nd2 Rge7 35. c4 Ng4 36. Rb3 e3 37. Nf1 h5 38. Qb2+ Kg8 39. Re2 Qe4 40. Qb1 Qc6 41. b5 Qf3 42. Qe1 Re4 43. bxa6 bxa6 44. Qd1 Kh8 45. Qc2 Rf8 46. Rb1 Nf2 47. Rxf2 exf2+ 48. Kh2 Rg8 49. Qb2+ Kh7 50. Qc2 Rg6 0-1

[Event "2BLN 2223 HSK Lister Turm - SK König Te"]
[Site "?"]
[Date "2023.02.26"]
[Round "8.5"]
[White "Fruebing, Stefan"]
[Black "Schulze, Torben"]
[Result "0-1"]
[WhiteElo "2341"]
[BlackElo "2297"]
[PlyCount "130"]
[EventDate "2023.??.??"]

1. e4 c6 2. Nc3 d5 3. Nf3 dxe4 4. Nxe4 Nf6 5. Qe2 Nxe4 6. Qxe4 Nd7 7. Bc4 Nf6 8. Ne5 e6 9. Qe2 b5 10. Bb3 Qc7 11. d4 Bd6 12. Bf4 O-O 13. Bg3 c5 14. dxc5 Qxc5 15. O-O-O a5 16. a3 b4 17. Rxd6 Qxd6 18. Ng6 Qc5 19. Nxf8 bxa3 20. Nxh7 axb2+ 21. Kxb2 Nxh7 22. Qe4 Qa7 23. f3 a4 24. Ra1 Bd7 25. Be5 Nf6 26. Qb4 Bc6 27. Bd4 Qb8 28. Qc3 Bd5 29. Bxf6 gxf6 30. Qxf6 axb3 31. Rxa8 Qxa8 32. cxb3 Qb8 33. Qg5+ Kf8 34. Qh6+ Kg8 35. Qg5+ Kf8 36. Qh6+ Ke7 37. Qh4+ Kd7 38. Qa4+ Ke7 39. Qh4+ f6 40. Qh7+ Kd6 41. Qd3 Qb6 42. Qc3 Qf2+ 43. Qc2 Qe1 44. Ka3 Qa1+ 45. Kb4 Qd4+ 46. Ka3 Qa7+ 47. Kb4 Qb6+ 48. Ka3 f5 49. Kb2 Qg1 50. h3 Qd4+ 51. Kc1 Qa1+ 52. Kd2 Qa3 53. Kc3 f4 54. h4 Qc5+ 55. Kb2 Qxc2+ 56. Kxc2 e5 57. Kd3 Bxb3 58. Ke2 Bf7 59. Kf2 Ke6 60. Kg1 Kf6 61. Kh2 Bg6 62. Kh3 Bf5+ 63. g4 fxg3+ 64. Kxg3 Kg6 65. f4 e4 0-1

[Event "2BLN 2223 HSK Lister Turm - SK König Te"]
[Site "?"]
[Date "2023.02.26"]
[Round "8.6"]
[White "Pubantz, Jan"]
[Black "Rietze, Clemens"]
[Result "1-0"]
[WhiteElo "2296"]
[BlackElo "2321"]
[PlyCount "137"]
[EventDate "2023.??.??"]

1. d4 d5 2. c4 e6 3. g3 Nf6 4. Bg2 dxc4 5. Nf3 Nbd7 6. O-O c6 7. Qc2 b5 8. b3 cxb3 9. Qxc6 Rb8 10. axb3 Bb7 11. Qc2 a5 12. Bd2 a4 13. bxa4 Be4 14. Qd1 b4 15. Ne1 Qb6 16. Bf4 Bxg2 17. Nxg2 Rc8 18. Qd3 Be7 19. a5 Qa7 20. Rc1 O-O 21. Rc4 Nd5 22. Nd2 Nc3 23. Rxc8 Rxc8 24. Nb3 Nf6 25. Bd2 Nfe4 26. Ne3 Rd8 27. Nd1 Nxd2 28. Qxd2 Qc7 29. Nxc3 bxc3 30. Qc2 Qc4 31. a6 f5 32. a7 Ra8 33. e3 Kf7 34. Nc1 Qc7 35. Nd3 Bd6 36. Rc1 Rxa7 37. Qxc3 Qb8 38. Nc5 Rc7 39. Qc4 Qe8 40. Ra1 Bxc5 41. dxc5 Qc8 42. Rc1 Rc6 43. Qd4 Qc7 44. h3 Qb7 45. Qe5 Qd7 46. Qd4 Qb7 47. e4 Qc8 48. exf5 exf5 49. Ra1 Rc7 50. Qe5 Re7 51. Qd5+ Qe6 52. Qf3 g6 53. Rc1 Qe5 54. c6 Rc7 55. Rb1 Ke6 56. Rb8 Re7 57. Qb3+ Qd5 58. Qe3+ Qe5 59. Qb6 Qc7 60. Qb3+ Kf6 61. Rf8+ Ke5 62. Qc4 Qa7 63. Rd8 Kf6 64. Rd6+ Kg7 65. Qc3+ Kh6 66. Qd2+ Kg7 67. Rd7 Qc5 68. Rxe7+ Qxe7 69. Qc3+ 1-0

[Event "2BLN 2223 HSK Lister Turm - SK König Te"]
[Site "?"]
[Date "2023.02.26"]
[Round "8.7"]
[White "Sarbok, Torsten"]
[Black "Lammers, Markus"]
[Result "1/2-1/2"]
[WhiteElo "2346"]
[BlackElo "2317"]
[PlyCount "90"]
[EventDate "2023.??.??"]

1. e4 e5 2. Nf3 Nf6 3. Nxe5 d6 4. Nf3 Nxe4 5. Nc3 Nxc3 6. dxc3 Be7 7. Bd3 Nd7 8. O-O Nc5 9. Re1 Nxd3 10. cxd3 O-O 11. h3 Bf5 12. Nd4 Bg6 13. Qf3 Qd7 14. Qxb7 Bxd3 15. Qd5 Bf6 16. Bg5 c6 17. Qf3 Bxg5 18. Qxd3 d5 19. Re2 Rfe8 20. Rae1 Rxe2 21. Rxe2 a5 22. b3 g6 23. Nc2 Qd6 24. g3 h5 25. Kh2 Rd8 26. Qa6 Qc5 27. Qd3 Bf6 28. Re3 Qb6 29. Rf3 Kg7 30. Ne3 Qc5 31. Nc2 Re8 32. Kh1 Re4 33. c4 Re8 34. cxd5 cxd5 35. Re3 Rc8 36. Re2 d4 37. Ne1 Qd5+ 38. Qf3 Qd7 39. Kg2 Rc3 40. Qe4 Qb5 41. Nf3 Qb4 42. Qd5 Rc5 43. Qe4 Rc3 44. Qd5 Rc5 45. Qe4 Rc3 1/2-1/2

[Event "2BLN 2223 HSK Lister Turm - SK König Te"]
[Site "?"]
[Date "2023.02.26"]
[Round "8.8"]
[White "Gentemann, Moritz"]
[Black "Breier, Andreas"]
[Result "1/2-1/2"]
[WhiteElo "2205"]
[BlackElo "2351"]
[PlyCount "94"]
[EventDate "2023.??.??"]

1. d4 e6 2. c4 Bb4+ 3. Nd2 c5 4. a3 Bxd2+ 5. Qxd2 b6 6. Nf3 Bb7 7. e3 cxd4 8. Qxd4 Nf6 9. Be2 Nc6 10. Qd1 Ne4 11. O-O Rc8 12. Nd4 O-O 13. f3 Nd6 14. Nxc6 dxc6 15. e4 Ba6 16. b3 Nb7 17. Be3 Na5 18. Qc2 c5 19. Rad1 Qe7 20. e5 Rfd8 21. Bd3 h6 22. f4 Nc6 23. Qf2 Nd4 24. Bb1 Nf5 25. Qe2 Bb7 26. Bf2 Qc7 27. Be4 Bxe4 28. Qxe4 Rd7 29. g4 Nd4 30. b4 Rcd8 31. Bh4 Re8 32. b5 Qb7 33. Qxb7 Rxb7 34. Kf2 a6 35. a4 axb5 36. axb5 Ra8 37. Ra1 Rbb8 38. Ra6 Nc2 39. Rd1 Na3 40. Rxa8 Rxa8 41. Ra1 Kf8 42. Bd8 Rxd8 43. Rxa3 Rd4 44. Ra8+ Ke7 45. Ra7+ Ke8 46. Ra8+ Ke7 47. Ra7+ Ke8 1/2-1/2

[Event "2BLN 2223 FC St. Pauli - Hamburger SK II"]
[Site "?"]
[Date "2023.02.26"]
[Round "8.1"]
[White "Souleidis, Georgios"]
[Black "Feuerstack, Aljoscha"]
[Result "0-1"]
[WhiteElo "2421"]
[BlackElo "2462"]
[PlyCount "80"]
[EventDate "2023.??.??"]

1. e4 c5 2. Nf3 e6 3. d4 cxd4 4. Nxd4 a6 5. a3 Nf6 6. Nc3 d6 7. g4 e5 8. Nf5 h5 9. gxh5 d5 10. Bg5 d4 11. Bxf6 gxf6 12. Ne2 Bxf5 13. exf5 Rxh5 14. Ng3 Rh4 15. Bg2 Qb6 16. O-O Nc6 17. Qd3 O-O-O 18. Qc4 Rd7 19. Ne4 Qd8 20. Rad1 Rc7 21. Qa4 Qd7 22. Ng3 Bh6 23. Rfe1 Bf4 24. Be4 Qd8 25. Kg2 Qh8 26. Rh1 Qg8 27. Rde1 Kb8 28. Bd3 Rc8 29. Qb3 Ka7 30. Qd5 Qh7 31. Be4 Ka8 32. Qd7 Qg8 33. Bd5 Rh7 34. Bf3 e4 35. Bxe4 Rd8 36. Bxc6 Rxd7 37. Bxd7 Qg4 38. h3 Qh4 39. Rd1 Bxg3 40. fxg3 Qe4+ 0-1

[Event "2BLN 2223 FC St. Pauli - Hamburger SK II"]
[Site "?"]
[Date "2023.02.26"]
[Round "8.2"]
[White "Krause, Benedict"]
[Black "Voigt, Roland"]
[Result "1-0"]
[WhiteElo "2417"]
[BlackElo "2443"]
[PlyCount "59"]
[EventDate "2023.??.??"]

1. e4 c5 2. Nf3 e6 3. d4 cxd4 4. Nxd4 a6 5. Bd3 Qc7 6. O-O Nf6 7. Qe2 d6 8. f4 Nbd7 9. c4 Be7 10. b3 b6 11. Bb2 Bb7 12. Nc3 O-O 13. Kh1 Rfd8 14. Rae1 Bf8 15. Bb1 g6 16. Nf3 Bg7 17. Ng5 Qc6 18. e5 dxe5 19. fxe5 Nxe5 20. Nce4 Nfd7 21. Rd1 Nc5 22. Rxd8+ Rxd8 23. Bxe5 Bxe5 24. Nxf7 Bb8 25. Nxd8 Qc7 26. Nf6+ Kh8 27. Ng4 Qxd8 28. Qb2+ e5 29. Nxe5 Kg8 30. Ng4 1-0

[Event "2BLN 2223 FC St. Pauli - Hamburger SK II"]
[Site "?"]
[Date "2023.02.26"]
[Round "8.3"]
[White "Bracker, Frank"]
[Black "Krause, Jonah"]
[Result "1/2-1/2"]
[WhiteElo "2338"]
[BlackElo "2387"]
[PlyCount "31"]
[EventDate "2023.??.??"]

1. Nf3 Nf6 2. c4 g6 3. Nc3 Bg7 4. e4 e5 5. Nxe5 O-O 6. Nf3 Re8 7. Bd3 Nxe4 8. Bxe4 Bxc3 9. dxc3 Rxe4+ 10. Be3 Nc6 11. Qd2 d6 12. h4 h5 13. Ng5 Re7 14. O-O-O Bf5 15. Nf3 Qd7 16. Bg5 1/2-1/2

[Event "2BLN 2223 FC St. Pauli - Hamburger SK II"]
[Site "?"]
[Date "2023.02.26"]
[Round "8.4"]
[White "Sawatzki, Frank"]
[Black "Van Delft, Merijn"]
[Result "1/2-1/2"]
[WhiteElo "2359"]
[BlackElo "2362"]
[PlyCount "98"]
[EventDate "2023.??.??"]

1. e4 c5 2. Nf3 d6 3. d4 cxd4 4. Nxd4 Nf6 5. Nc3 a6 6. Be2 e5 7. Nf3 Be7 8. Bg5 Be6 9. Bxf6 Bxf6 10. Nd5 Nd7 11. Bc4 Rc8 12. Qe2 Nb6 13. Nxf6+ Qxf6 14. Bxe6 Qxe6 15. b3 d5 16. exd5 Nxd5 17. g3 e4 18. Ng5 Qf6 19. Qxe4+ Ne7 20. O-O Qxg5 21. Qxb7 O-O 22. c4 a5 23. Rfe1 Ng6 24. Rad1 Rc5 25. Re4 h5 26. h4 Qf5 27. Rde1 Ne5 28. Rf4 Qc8 29. Qxc8 Rfxc8 30. Rf5 f6 31. Kf1 Nd3 32. Rxc5 Rxc5 33. Rd1 Nb4 34. Rd8+ Kf7 35. a3 Nc2 36. a4 g5 37. hxg5 fxg5 38. Ke2 Ke7 39. Rh8 Nd4+ 40. Kd3 Nxb3 41. Kc3 Nc1 42. Rxh5 Kd6 43. Rh1 Na2+ 44. Kd4 Rf5 45. c5+ Kc6 46. Rh6+ Kc7 47. Rh7+ Kc6 48. Rh6+ Kc7 49. Rh7+ Kc6 1/2-1/2

[Event "2BLN 2223 FC St. Pauli - Hamburger SK II"]
[Site "?"]
[Date "2023.02.26"]
[Round "8.5"]
[White "Colpe, Malte"]
[Black "Jahncke, Giso"]
[Result "1-0"]
[WhiteElo "2347"]
[BlackElo "2260"]
[PlyCount "45"]
[EventDate "2023.??.??"]

1. d4 Nf6 2. c4 e6 3. Nf3 d5 4. cxd5 exd5 5. Qc2 c6 6. Bg5 h6 7. Bf4 g6 8. e3 Bf5 9. Bd3 Bxd3 10. Qxd3 Bg7 11. O-O O-O 12. Nc3 Nh5 13. h3 Nd7 14. Bh2 Re8 15. b4 Nhf6 16. Nd2 Qe7 17. Rab1 Ne4 18. Ncxe4 dxe4 19. Qb3 Nb6 20. a4 a6 21. Rfc1 Rac8 22. Rc5 Bf8 23. Re5 1-0

[Event "2BLN 2223 FC St. Pauli - Hamburger SK II"]
[Site "?"]
[Date "2023.02.26"]
[Round "8.6"]
[White "Stenner, Patrick"]
[Black "Bracker, Arne"]
[Result "1-0"]
[WhiteElo "2272"]
[BlackElo "2263"]
[PlyCount "65"]
[EventDate "2023.??.??"]

1. e4 e5 2. Nf3 Nc6 3. d4 exd4 4. Nxd4 Bc5 5. Nb3 Bb6 6. Nc3 Nf6 7. Qe2 O-O 8. Be3 d5 9. O-O-O d4 10. Bg5 Be6 11. e5 h6 12. Bh4 g5 13. exf6 Qxf6 14. Ne4 Qf4+ 15. Nbd2 gxh4 16. Qh5 Kg7 17. g3 Qg4 18. Qxh4 Qxh4 19. gxh4 f5 20. Rg1+ Kh7 21. Ng3 Rae8 22. Nh5 Ne5 23. Nf4 Ng4 24. Rg2 Bd7 25. Bd3 Ne5 26. Rdg1 Rg8 27. Nh5 Rxg2 28. Rxg2 Nxd3+ 29. cxd3 Re1+ 30. Kc2 Be6 31. Nf3 Rf1 32. Rg7+ Kh8 33. Ne5 1-0

[Event "2BLN 2223 FC St. Pauli - Hamburger SK II"]
[Site "?"]
[Date "2023.02.26"]
[Round "8.7"]
[White "Woelk, Tom-Frederic"]
[Black "Breyther, Ruediger"]
[Result "1-0"]
[WhiteElo "2268"]
[BlackElo "2254"]
[PlyCount "59"]
[EventDate "2023.??.??"]

1. d4 Nf6 2. c4 e6 3. Nc3 Bb4 4. f3 c5 5. d5 b5 6. e4 d6 7. Bd2 a6 8. a4 bxc4 9. Bxc4 O-O 10. Nge2 exd5 11. Nxd5 Be6 12. Bxb4 cxb4 13. Rc1 Nbd7 14. Nxf6+ Nxf6 15. Bxe6 fxe6 16. Rc6 Qa5 17. Qxd6 Rfe8 18. b3 Qg5 19. Qf4 Qxf4 20. Nxf4 Rac8 21. Rxc8 Rxc8 22. Kd2 Rc3 23. Rb1 Kf7 24. Ne2 Rc5 25. Rc1 Nd7 26. Kd3 Rg5 27. Rc7 Ke8 28. g3 Ne5+ 29. Ke3 Kd8 30. Ra7 1-0

[Event "2BLN 2223 FC St. Pauli - Hamburger SK II"]
[Site "?"]
[Date "2023.02.26"]
[Round "8.8"]
[White "Priebe, Jan"]
[Black "Hommer, Jeremy"]
[Result "1/2-1/2"]
[WhiteElo "2229"]
[BlackElo "2245"]
[PlyCount "104"]
[EventDate "2023.??.??"]

1. e4 c6 2. Nc3 d5 3. Nf3 dxe4 4. Nxe4 Nf6 5. Qe2 Nxe4 6. Qxe4 Nd7 7. d4 Nf6 8. Qf4 g6 9. Be2 Bg7 10. O-O O-O 11. h3 Bf5 12. c4 h5 13. b3 Qd6 14. Qe3 Qe6 15. Ne5 c5 16. Nf3 Qxe3 17. Bxe3 Ne4 18. Rac1 Rfd8 19. Rfd1 b6 20. Bf1 Rac8 21. Rd3 cxd4 22. Nxd4 Nxf2 23. Rd2 Ne4 24. Nxf5 gxf5 25. Rxd8+ Rxd8 26. a4 h4 27. Be2 Ng3 28. Kf2 e5 29. Ke1 f4 30. Bf2 e4 31. a5 Bb2 32. Rc2 Ba3 33. Bxg3 Bb4+ 34. Kf1 hxg3 35. axb6 axb6 36. Ra2 Rd6 37. Bh5 Kg7 38. Ra7 Rf6 39. Ra8 Rf5 40. Bg4 Ra5 41. Rxa5 Bxa5 42. Bf5 e3 43. Ke2 Kf6 44. Bg4 Ke5 45. Kd3 Bb4 46. Bf3 Be7 47. Be2 f5 48. Bf3 Kd6 49. b4 Ke5 50. b5 Kd6 51. Be2 Bf6 52. Bf3 Kc5 1/2-1/2

[Event "2BLN 2223 SV Werder Bremen II - SK Zehle"]
[Site "?"]
[Date "2023.02.26"]
[Round "8.1"]
[White "Sawlin, Leonid"]
[Black "Nyback, Tomi"]
[Result "0-1"]
[WhiteElo "2409"]
[BlackElo "2567"]
[PlyCount "76"]
[EventDate "2023.??.??"]

1. e4 e5 2. Nf3 Nc6 3. Bc4 Bc5 4. O-O Nf6 5. d3 d6 6. c3 a5 7. a4 h6 8. Na3 O-O 9. Nc2 Be6 10. Bb5 Na7 11. d4 Nxb5 12. dxc5 Na7 13. Qe2 Qd7 14. cxd6 Qxd6 15. Rd1 Bc4 16. Rxd6 Bxe2 17. Rd2 Ba6 18. Nxe5 Rfe8 19. f4 Nxe4 20. Rd5 f6 21. Nf3 Bc4 22. Rd7 Rac8 23. Ne3 Be6 24. Rd1 Bb3 25. Re1 Nc6 26. Nf5 Nc5 27. Re3 Bd5 28. Ra3 Bxf3 29. gxf3 Rcd8 30. c4 Rd4 31. Kg2 Red8 32. Rec3 Nd3 33. Be3 Nxb2 34. Rab3 Nxa4 35. Rc2 Nb4 36. Re2 Rd3 37. Rxd3 Rxd3 38. Ra2 Nxa2 0-1

[Event "2BLN 2223 SK Zehlendorf - SK Norderstedt"]
[Site "?"]
[Date "2023.03.18"]
[Round "9.1"]
[White "Olszewski, Michal"]
[Black "Sawlin, Leonid"]
[Result "1-0"]
[WhiteElo "2511"]
[BlackElo "2394"]
[PlyCount "93"]
[EventDate "2023.??.??"]

1. e4 g6 2. d4 Bg7 3. Nc3 d6 4. Be3 a6 5. a4 Nd7 6. Nf3 c5 7. Bc4 cxd4 8. Bxd4 Ngf6 9. O-O O-O 10. a5 Qc7 11. Qe2 e6 12. Rfd1 Ng4 13. Bxg7 Kxg7 14. Bb3 Nge5 15. Qd2 Nxf3+ 16. gxf3 Qc5 17. Qxd6 Qh5 18. Qg3 Ne5 19. f4 Nc6 20. Bc4 Qc5 21. Bf1 Nxa5 22. b4 Qxb4 23. Rdb1 Qc5 24. Na4 Qxc2 25. Nc3 Qd2 26. Rxa5 Qd8 27. Ra2 Qe7 28. e5 f6 29. Ne4 fxe5 30. fxe5 b5 31. Nf6 Bb7 32. Rd2 Rad8 33. Rbd1 Rxd2 34. Rxd2 Rf7 35. Rd7 Qxd7 36. Nxd7 Rxd7 37. Qf4 Rf7 38. Qd4 Bd5 39. Bg2 Bc4 40. Qb6 Rf5 41. Qa7+ Kh6 42. Qe3+ Kg7 43. Bh3 Rf7 44. Qb6 Re7 45. Qxa6 Bd5 46. Bg2 Bc4 47. Bf1 1-0

[Event "2BLN 2223 SK Zehlendorf - SK Norderstedt"]
[Site "?"]
[Date "2023.03.18"]
[Round "9.2"]
[White "Lagunow, Raphael"]
[Black "Ostrovskiy, Andrey"]
[Result "1-0"]
[WhiteElo "2404"]
[BlackElo "2418"]
[PlyCount "135"]
[EventDate "2023.??.??"]

1. Nf3 Nf6 2. c4 e6 3. g3 d5 4. d4 Be7 5. Bg2 O-O 6. O-O c6 7. Nc3 b6 8. Ne5 Ba6 9. Re1 b5 10. cxd5 cxd5 11. e4 b4 12. exd5 exd5 13. Na4 Bb5 14. Qc2 Nbd7 15. Nc6 Rc8 16. Nxe7+ Qxe7 17. Qd2 Ne4 18. Qd1 Qf6 19. Be3 Rfd8 20. a3 a5 21. axb4 axb4 22. Qb3 Bc4 23. Qxb4 Rb8 24. Qa5 Rdc8 25. Nc3 Nxc3 26. bxc3 Nf8 27. Bf4 Rb5 28. Qa7 Ne6 29. Be5 Qf5 30. Qa3 h5 31. Qc1 Rb6 32. Bf4 Nxf4 33. Qxf4 Qxf4 34. gxf4 Rf6 35. Re5 Rxf4 36. Rxh5 Bb3 37. Ra3 g6 38. Rh3 Bc4 39. Rf3 Re4 40. Re3 Rf4 41. Rf3 Rxf3 42. Bxf3 Kf8 43. Kg2 Ke7 44. Kg3 Rb8 45. h4 Rb2 46. Ra7+ Ke6 47. h5 gxh5 48. Bxh5 Rc2 49. Bxf7+ Kf6 50. Bg8 Rxc3+ 51. Kf4 Rd3 52. Rf7+ Kg6 53. Ke5 Ra3 54. Rf4 Ra2 55. Bxd5 Ra5 56. Rf6+ Kg7 57. Rd6 Bxd5 58. Rxd5 Ra2 59. f4 Re2+ 60. Kf5 Kf7 61. Rd7+ Ke8 62. Ra7 Rd2 63. d5 Rd1 64. Ke6 Re1+ 65. Kd6 Rf1 66. f5 Rf2 67. Re7+ Kd8 68. Re5 1-0